000 01311nam a2200241Ii 4500
008 221202s xx 000 0 und d
100 1 _aGrant, Aimee,
_eauthor
245 0 _aDoing Excellent Social Research with Documents
246 _aPractical Examples and Guidance for Qualitative Researchers
264 _bTaylor & Francis
_c2018
300 _a1 online resource (194 pages)
336 _atext
_btxt
_2rdacontent
337 _acomputer
_bc
_2rdamedia
338 _aonline resource
_bcr
_2rdacarrier
520 _aIn today’s society we increasingly create and consume written content and images. This includes a range of sources, from social media posts to records held within organisations, and everything in between, including news articles, blogs, shopping lists and official government documents. Critically reading these ‘documents’ can help us to understand a huge amount about society. Doing Excellent Social Research with Documents includes guidance on how to ‘read between the lines’, and provides an overview of six research projects which use documents as data.
653 _aData
653 _aDocuments
653 _aSocial Research
653 _aSociety
653 _aWritten Content And Images
856 _uhttp://library.oapen.org/handle/20.500.12657/29440
942 _cE-BOOK
999 _c61960
_d61960